Consumer protection law and practice: A comprehensive guide to consumer protection law (Record no. 396362)
[ view plain ]
| 000 -LEADER | |
|---|---|
| fixed length control field | 00580 a2200193 4500 |
| 005 - DATE & TIME | |
| control field | 20260226112050.0 |
| 008 - FIXED-LENGTH DATA ELEMENTS--GENERAL INFORMATION | |
| fixed length control field | 260226b |||||||| |||| 00| 0 eng d |
| 020 ## - ISBN | |
| International Standard Book Number | 9789371265539 |
| Price | Rs. 1295.00 |
| 040 ## - CATALOGING SOURCE | |
| Original cataloging agency | VIVEKANANDA LIBRARY |
| 082 ## - DDC NUMBER | |
| Classification number | 343.54071 |
| Book Number | T199C |
| 100 ## - MAIN ENTRY--PERSONAL NAME | |
| Personal name | Taxmann |
| 245 ## - TITLE STATEMENT | |
| Title | Consumer protection law and practice: A comprehensive guide to consumer protection law |
| 260 ## - PUBLICATION, DISTRIBUTION, ETC. (IMPRINT) | |
| Name of publisher, distributor, etc | Taxmann Publications |
| Date of publication, distribution, etc | 2025 |
| Place of publication, distribution, etc | New Delhi |
| 300 ## - PHYSICAL DESCRIPTION | |
| Pages | v. |
| 650 ## - Subject | |
| Subject | Consumer Rights- India |
| 650 ## - Subject | |
| Subject | Consumer Protection- India |
| 650 ## - Subject | |
| Subject | Product Liability- India |
| 942 ## - ADDED ENTRY ELEMENTS (KOHA) | |
| Koha item type | Books |
| Withdrawn status | Lost status | Source of classification or shelving scheme | Damaged status | Not for loan | Location (home branch) | Sublocation or collection (holding branch) | Shelving location | Date acquired | Koha issues (times borrowed) | Koha full call number | Accession No. | Koha date last seen | Koha item type |
|---|---|---|---|---|---|---|---|---|---|---|---|---|---|
| Dewey Decimal Classification | VIVEKANANDA LIBRARY | VIVEKANANDA LIBRARY | Law Library | 23/02/2026 | 343.54071 T199C | 377981 | 23/02/2026 | Books | |||||
| Dewey Decimal Classification | VIVEKANANDA LIBRARY | VIVEKANANDA LIBRARY | Law Library | 23/02/2026 | 1 | 343.54071 T199C | 377978 | 17/04/2026 | Books | ||||
| Dewey Decimal Classification | VIVEKANANDA LIBRARY | VIVEKANANDA LIBRARY | Law Library | 23/02/2026 | 343.54071 T199C | 377979 | 23/02/2026 | Books | |||||
| Dewey Decimal Classification | VIVEKANANDA LIBRARY | VIVEKANANDA LIBRARY | Law Library | 23/02/2026 | 343.54071 T199C | 377977 | 23/02/2026 | Books | |||||
| Dewey Decimal Classification | VIVEKANANDA LIBRARY | VIVEKANANDA LIBRARY | Law Library | 23/02/2026 | 343.54071 T199C | 377980 | 23/02/2026 | Books |
